Представление документа в формате MARC21

Поле Инд. ПП Название Значение
Тип записи a
Библиографический уровень m
001 Контрольный номер a1c24bf9daec41b481ad765268d880f7
005 Дата корректировки 20210810153548.6
020 a ISBN 978-5-9963-3283-0 (ч.1)
020 a ISBN 978-5-9963-3285-4 (общ.)
040 a Служба первич. каталог. НБ ТвГУ
b Код языка каталог. rus
e Правила каталог. PSBO
041 0_ a Код языка текста rus
080 a Индекс УДК 004(075.3)
084 a Индекс другой классификации/Индекс ББК З81я721-1
090 a Полочн. индекс З81я721
x Авторский знак П 54
097 b Оператор mimoza
100 1_ a Автор Поляков Константин Юрьевич
e Роль лиц Автор
245 10 a Заглавие Информатика. 10 класс
n Номер части/ раздела Ч. 1
b Продолж. заглавия углубленный уровень : учебник : в 2 ч.
c Ответственность К. Ю Поляков, Е. А. Еремин
250 a Основные сведения об издании 6-е изд., стер.
260 c Дата издания 2017
a Место издания Москва
b Издательство БИНОМ. Лаборатория знаний
300 a Объем 341 с.
b Иллюстрации/ тип воспроизводства ил.
440 _0 a Серия ФГОС
520 0_ a Аннотация Учебник предназначен для изучения курса информатики на углублённом уровне в 10 классах общеобразовательных учреждений. Содержание учебника опирается на изученный в 7-9 классах курс информатики для основной школы. Рассматриваются теоретические основы информатики, аппаратное и программное обеспечение компьютера, компьютерные сети, алгоритмизация и программирование, информационная безопасность. Учебник входит в учебно-методический комплект (УМК), включающий также учебник для 11 класса и компьютерный практикум. Предполагается широкое использование ресурсов портала Федерального центра электронных образовательных ресурсов (http://fcior.edu.ru/). Соответствует ФГОС среднего (полного) общего образования
653 0_ a Ключевые слова Информатика
a Ключевые слова Информация
a Ключевые слова Кодирование информации
a Ключевые слова Компьютеры
a Ключевые слова Устройство компьютера
a Ключевые слова Компьютерная арифметика
a Ключевые слова Учебники для средней школы
a Ключевые слова 10 класс
a Ключевые слова ФГОС
700 12 a Другие авторы Еремин Евгений Александрович
e Роль лиц Автор
901 t Тип документа m
920 a Оператор Семен
a Оператор Рунт
a Оператор Стро
930 a Новая/Ретро новая
952 c Вид литературы К ру
954 b Дата поступления в ОК 20170912
a Дата поступления на обработку 20170913
c Дата окончания ОНО 20170913